|
|
|
|
| LEADER |
01176nam a2200277 a 4500 |
| 001 |
14905756 |
| 008 |
110502s2010 nyu b 001 0 eng d |
| 010 |
|
|
|a 2007026810
|
| 020 |
|
|
|a 9788130912950
|
| 020 |
|
|
|a 0791095916 (acid-free paper)
|
| 020 |
|
|
|a 9780791095911 (acid-free paper)
|
| 040 |
|
|
|a DLC
|c DLC
|d IG#
|d YDXCP
|d BTCTA
|d BAKER
|d YDX
|d DLC
|d BD-DhAAL
|
| 082 |
0 |
0 |
|a 822.3/3
|2 22
|
| 245 |
0 |
0 |
|a As you like it /
|c edited and with an introduction by Harold Bloom ;volume editor, Pamela Loos.
|
| 260 |
|
|
|a New York :
|b Facts on file, Inc. ;
|a New Delhi :
|b Viva books,
|c 2010.
|
| 300 |
|
|
|a xii, 256 p. ;
|c 25 cm.
|
| 490 |
0 |
|
|a Harold Bloom's Shakespeare through the ages.
|
| 500 |
|
|
|a Set of 15 volumes.
|
| 504 |
|
|
|a Includes bibliographical references and index.
|
| 541 |
|
|
|e 00022414
|
| 600 |
1 |
0 |
|a Shakespeare, William
|d 1564-1616
|t As you like it.
|
| 700 |
1 |
|
|a Bloom, Harold.
|
| 700 |
1 |
|
|a Loos, Pamela.
|
| 852 |
4 |
|
|a Ayesha Abed Library
|j General shelf
|
| 999 |
|
|
|c 10781
|d 10781
|
| 952 |
|
|
|0 0
|1 0
|2 ddc
|4 0
|6 822_330000000000000_ASY
|7 0
|9 16247
|a BRACUL
|b BRACUL
|c GEN
|d 2011-05-03
|e Friends book corner
|g 667.00
|l 10
|m 43
|o 822.33 ASY
|p 3010022414
|r 2026-04-19
|s 2026-04-13
|t 1
|w 2011-05-03
|y BK
|